000
00217nam a2200097Ia 4500
005
20251222114353.0
008
251222s1900||||xx |||||||||||||| ||spa||
082
_a
DVD0098/M97/1926
245
0
_a
Fausto:Faust
942
_c
DVD
999
_c
1311
_d
1311